| 000 | 00407pab a2200157 454500 | ||
|---|---|---|---|
| 008 | 180718b1988 xxu||||| |||| 00| 0 eng d | ||
| 100 | _aPetras, James | ||
| 245 |
_aNuclear war and U.S. Third World relations _bThe reglected mimension |
||
| 260 | _c1988 | ||
| 300 | _a151-8 | ||
| 362 | _aJan. | ||
| 650 | _aAtomic Warfare | ||
| 700 | _aMorris Morley | ||
| 773 | _aEconomic Political Weekly | ||
| 909 | _a4063 | ||
| 999 |
_c4063 _d4063 |
||